000
00328nam a2200133Ia 4500
008
240624s9999 xx 000 0 und d
041
_a
eng
082
_a
920 SHE
100
_a
SHEWAN M A
245
_a
J R D TATA
260
_c
2011
_a
Mumbai
_b
Himalaya Publishing House
300
_a
vii, : 256 : p. : cm. ; 22
365
_c
RS
_b
30
999
_c
19536
_d
19536